• 首页
  • 本馆介绍
  • 公告通知
  • 最新文献
  • 馆藏检索
  • 电子资源
  • 读者导购
  • 参考咨询
  • 我的图书馆
  • 登录
  • 详细信息显示
  • 放入我的书架
  • 预约/预借图书
  • 作者相关作品
  • 分类相关作品
  • 丛书相关作品
  • 出版社相关作品

书目信息

  • 表格格式
  • 工作单格式
  • 卡片格式
题名:
说天国
    
 
作者: 陶短房 编著
分册:  
出版信息: 北京   中华书局  2016.06
页数: 289页
开本: 24cm
丛书名:
单 册:
中图分类: K254.07
科图分类:
主题词:
电子资源:
ISBN: 978-7-101-11836-0
000 00520nam0 2200169 450
001 202410223314806991
005 20241022165152.68
010    @a978-7-101-11836-0@d¥45.00
100    @a20241022d km y0chiy0120 ea
101 0  @achi
200 1  @a说天国@AShuo Tian Guo@f陶短房编著@FTao Duan Fang Bian Zhu
210    @a北京@c中华书局@d2016.06
215    @a289页@d24cm
690    @aK254.07@v4
701  0 @a陶短房@ATao Duan Fang@4编著
801  0 @aCN@b大连网信软件有限公司图书馆·11@c20241022
905    @aZUCC@b7512793@dK254.07@e42
    
    说天国/陶短房编著.-北京:中华书局,2016.06
    289页;24cm
    
    
    ISBN 978-7-101-11836-0:¥45.00
    
●
相关链接 在E读中查询图书 在五车中查询图书 在当当中查询图书 在豆瓣中查询图书


正题名:说天国     索取号:K254.07/42         预约/预借

序号 登录号 条形码 馆藏地/架位号 状态 备注
1 7512793   275127934   密集书库-史法系/ [索取号:K254.07/42] 在馆    
唐山师范学院图书馆 欢迎您!
大连网信软件有限公司© 版权所有